000 00446nam a2200169Ia 4500
005 20250508152359.0
008 008 250505s9999 xx 000 0 eng d
037 _aTextual
040 _aFEDL
_beng
_cFEDL
041 _aeng
_2eng
084 _a822, WIL
_qFEDL
245 0 _aPlays of Oscar Wilde
260 _aNew York, USA
_bThe Modern Library
300 _a216p.; 220p.
942 _cTEXL
_h822, WIL
999 _c1336052
_d1336052